[Event "Mittelrhein Verbandsliga-M 1112"]
[Site "Germany"]
[Date "2012.04.15"]
[Round "9.2"]
[White "Ostenda, Eric"]
[Black "Breitenstein, Bert"]
[Result "1/2-1/2"]
[WhiteElo "2024"]
[BlackElo "1911"]
[PlyCount "55"]
[EventDate "2011.09.18"]
[EventType "team-tourn"]
[EventRounds "11"]
[EventCountry "GER"]
[SourceTitle "EXT 2013"]
[Source "ChessBase"]
[SourceDate "2012.11.22"]
[SourceVersion "1"]
[SourceVersionDate "2012.11.22"]
[SourceQuality "1"]
[WhiteTeam "Kalker/Deutzer SG"]
[BlackTeam "Godesberg V"]
[WhiteTeamCountry "GER"]
[BlackTeamCountry "GER"]

1. e4 Nf6 2. e5 Nd5 3. d4 d6 4. Nf3 g6 5. Bc4 c6 6. 0-0 Bg7 7. Nc3 Be6 8. Nxd5 cxd5 9. Bb5+ Nc6 10. Bf4 a6 11. Bxc6+ bxc6 12. exd6 exd6 13. Qd3 0-0 14. Qa3 c5 15. c3 Qb6 16. h3 h6 17. Rad1 Rfc8 18. dxc5 dxc5 19. Rfe1 d4 20. Be5 Bf8 21. cxd4 cxd4 22. Qd3 Qxb2 23. Bxd4 Qxa2 24. Ne5 Kh7 25. Nxg6 fxg6 26. Qe4 Qd5 27. Qxe6 Qxe6 28. Rxe6 1/2-1/2

[Event "Mittelrhein Verbandsliga-M 1112"]
[Site "Germany"]
[Date "2012.01.15"]
[Round "5.2"]
[White "Debald, Heinrich"]
[Black "Breitenstein, Bert"]
[Result "0-1"]
[WhiteElo "2004"]
[BlackElo "1911"]
[PlyCount "92"]
[EventDate "2011.09.18"]
[EventType "team-tourn"]
[EventRounds "11"]
[EventCountry "GER"]
[SourceTitle "EXT 2013"]
[Source "ChessBase"]
[SourceDate "2012.11.22"]
[SourceVersion "1"]
[SourceVersionDate "2012.11.22"]
[SourceQuality "1"]
[WhiteTeam "Bayer Leverkusen"]
[BlackTeam "Godesberg V"]
[WhiteTeamCountry "GER"]
[BlackTeamCountry "GER"]

1. Nf3 d6 2. d4 f5 3. g3 Nf6 4. Bg2 g6 5. 0-0 Bg7 6. c4 0-0 7. Nc3 Nc6 8. d5 Na5 9. Qd3 c5 10. b3 a6 11. Bd2 b5 12. Rae1 Rb8 13. Bc1 Ng4 14. e4 bxc4 15. bxc4 Rb4 16. h3 Ne5 17. Nxe5 Bxe5 18. Bh6 Rf7 19. Ne2 Rxc4 20. Nf4 Rc3 21. Qd1 Ra3 22. Ne6 Qb6 23. exf5 Rxf5 24. Be4 Rf6 25. Bg5 Rf7 26. Qc2 Qb2 27. Rb1 Qxc2 28. Bxc2 Bxe6 29. dxe6 Rf6 30. Bxf6 Bxf6 31. Rb8+ Kg7 32. Bb3 c4 33. Bd1 Rxa2 34. Bf3 c3 35. Be4 Nc4 36. Rc1 Bd4 37. Rc2 Rxc2 38. Bxc2 Na3 39. Bd3 c2 40. Bxc2 Nxc2 41. g4 Kf6 42. Rh8 Kxe6 43. Rxh7 a5 44. h4 a4 45. h5 a3 46. hxg6 a2 0-1

[Event "Passau op 8th"]
[Site "Passau"]
[Date "2000.04.21"]
[Round "2"]
[White "Breitenstein, Bert"]
[Black "Schnell, Franz"]
[Result "1-0"]
[WhiteElo "1950"]
[BlackElo "1681"]
[PlyCount "49"]
[EventDate "2000.04.21"]
[EventType "swiss"]
[EventRounds "7"]
[EventCountry "GER"]
[SourceTitle "CBM 076 Extra"]
[Source "ChessBase"]
[SourceDate "2000.07.11"]
[SourceVersion "1"]
[SourceVersionDate "2000.07.11"]
[SourceQuality "1"]

1. d4 Nf6 2. Bg5 e6 3. e4 Be7 4. e5 Nd5 5. Bxe7 Nxe7 6. Qg4 Rg8 7. Nc3 Nbc6 8. Nf3 h6 9. h4 b6 10. Bd3 g6 11. Qf4 h5 12. Ng5 Nf5 13. 0-0-0 d5 14. Bb5 Bd7 15. Nh7 Rg7 16. Nf6+ Kf8 17. f3 a6 18. Bxc6 Bxc6 19. g4 hxg4 20. fxg4 Ne7 21. Qh6 Ng8 22. Nh7+ Ke7 23. Qxg7 Qe8 24. Rhf1 Rd8 25. Ng5 1-0